| 000 | 00417nam a2200133Ia 4500 | ||
|---|---|---|---|
| 008 | 211122s9999||||xx |||||||||||||| ||und|| | ||
| 082 |
_a658.151 1 _bGRE-A |
||
| 100 | _aGrewal, T S | ||
| 245 | 0 | _aAnalysis of Financial Statements | |
| 260 |
_bSultan Chand & Com _aNew Delhi _c2004 |
||
| 630 | _xMBA Library | ||
| 650 |
_aGeneral management _vFinancial Management Financial StatementsFinanceManagement |
||
| 942 | _cBOOK | ||
| 999 |
_c129889 _d129889 |
||